Libro

Huasipungo

Guardado en:
Detalles Bibliográficos
Autor principal: Icaza, Jorge
Formato: Libro
Idioma:lengua desconocida
Publicado: Buenos Aires : Editorial Losada, 1953.
Edición:13a. ed.
Colección:Biblioteca clásica y contemporánea ; 221
Materias:

MARC

LEADER 00000nam#a22000005a#4500
001 018898
005 20250217095404.0
008 070719s1953####ag############000#0#und#d
040 |a AR-beUNQ 
082 0 4 |a E 863  |2 21 
100 1 |a Icaza, Jorge 
245 0 2 |a Huasipungo  |c Jorge Icaza. 
250 |a 13a. ed. 
260 |a Buenos Aires :  |b Editorial Losada,  |c 1953. 
300 |a 201 p. ;  |c 18 cm. 
490 0 |a Biblioteca clásica y contemporánea ;  |v 221 
500 |a Incluye vocabulario. 
650 7 |a Literatura (Arte)  |2 Spines 
650 7 |a Literatura hispanoamericana  |2 Tell 
650 7 |a Novelas  |2 Tell 
651 7 |a Ecuador  |2 Spines 
929 |a DONACION  |b Margarita Pierini  |d 0,00  |e 20060608  |f PAT0020016  |g 421 Exp.827-0387/98  |j 40494 
942 |c LIB  |n 0 
999 |c 18867  |d 94254